000 00649nam a2200205Ia 4500
005 20251020182436.0
008 200515s9999 xx 000 0 und d
082 _a378.14(85)/P45
110 _aOrganización Panamericana de la Salud
245 0 _aCurso especial sobre pedagogía universitaria
260 _aLima
260 _c1971
300 _a155
500 _a1 ejemplar
520 _aPonencias sobre la educación universitaria y el rol de hacer ciencia, de formar personal altamente capacitado y de contribuir al desarrollo económico y social del país
650 _aEDUCACION
650 _aLIB
650 _aPEDAGOGIA
942 _cLIB
999 _c383
_d383